İstatistik bülteni 1989 (Record no. 772)

MARC details
000 -BAŞLIK
Sabit Uzunlukta Kontrol Alanı 00766na a2200229 4500
001 - KONTROL NUMARASI
Denetim Alanı 15509
003 - KONTROL NUMARASI IDENTIFIER
Denetim Alanı MIRAKIL
005 - SON İŞLEM TARİHİ VE ZAMANI
Denetim Alanı 20181213154800.0
008 - SABİT-BOY VERİ ELEMANLARI - GENEL BİLGİLER
Sabit Uzunlukta Kontrol Alanı 161006b tu 000 0
040 ## - KATALOGLAMA KAYNAK
Orijinal Kataloglama Ajansı Milas
Kataloglama Dili tur
Metne Dönüştürmek Ajansı TR-AnCHP
041 ## - DİL KODU
Metin / Ses Parça Veya Ayrı Başlığın Dil Kodu tur
082 ## - DEWEY ONLU SINIFLANDIRMA NUMARASI
Sınıflandırma Numarası 305.9021
Ürün Numarası T37i 1989
090 ## - SINIFLAMA NUMARASI
Sınıflama Numarası 305.9021 T37i 1989
110 ## - ANA GİRİŞ - KURUMSAL ADI
Giriş Elemanı Olarak Kurumsal Ad Veya Yargı Alanı Adı Türkiye Esnaf ve Sanatkarları Konfederasyonu (TESK)
245 ## - BAŞLIK TABLOSU
Başlık İstatistik bülteni 1989
Başlığın Kalan Ek 2
Sorumluluk Tablosu, Vb Türkiye Esnaf ve Sanatkarları Konfederasyonu (TESK)
260 ## - YAYIN, DAĞITIM, VB
Yayın, Dağıtım, Vb Yeri [Ankara]
Yayıncı, Dağıtıcı, Vs Adı Türkiye Esnaf ve Sanatkarları Konfederasyonu (TESK)
Yayın, Dağıtım, Vb Tarihi 1989
300 ## - FİZİKSEL TANIM
Kapsam 292 s.
Diğer Fiziksel Ayrıntıları tbl.
Boyutlar 30 sm.
490 ## - SERİSİ TABLOSU
Seri Beyanı Türkiye Esnaf ve Sanatkarları Konfederasyonu
Hacim / Ardışık Tanımı 17
610 ## - KONU KATMA GİRİŞ - TOPLANTI ADI
Giriş Elemanı Olarak Kurumsal Ad Veya Yargı Alanı Adı TESK
650 ## - KONU KATMA GİRİŞ - TOPİKAL DÖNEM
Topikal Süreli Veya Coğrafi Ad Giriş Elemanı Mesleki gruplar
Genel Alt Bölümü İstatistikler
Coğrafi Alt Bölümü Türkiye
942 ## - EKLENDİ GİRİŞ ELEMANLARI (KOHA)
Sınıflandırma Veya Raf Düzeni Kaynak Dewey Decimal Classification
Koha Öğesi Türü Books
999 ## - SİSTEM KONTROL NUMARALARI (KOHA)
Koha Biblionumber 772
Koha Biblioitemnumber 772
Holdings
Kalıcı Konum Mevcut Konum Edinme Tarihi Edinim Kaynak Toplam Check-Out'Lar Tam Çağrı Numarası Barkod Tarih Son Görülme İtibaren Geçerli Fiyatlar Koha Öğesi Türü
CHP Kütüphanesi CHP Kütüphanesi 09/11/2016 Bağış   305.9021 T37i 1989 003886 09/11/2016 09/11/2016 Books